نقد الثقافة / (Record no. 12679)
[ view plain ]
| 000 -LEADER | |
|---|---|
| fixed length control field | 00844nam a22001817a 4500 |
| 008 - FIXED-LENGTH DATA ELEMENTS--GENERAL INFORMATION | |
| fixed length control field | 090823t xxu||||| |||| 00| 0 eng d |
| 020 ## - INTERNATIONAL STANDARD BOOK NUMBER | |
| International Standard Book Number | 9770191965 |
| 082 ## - DEWEY DECIMAL CLASSIFICATION NUMBER | |
| Edition number | 20 |
| Classification number | 306.420917 |
| Item number | خ ش ب |
| 100 ## - MAIN ENTRY--PERSONAL NAME | |
| 9 (RLIN) | 8580 |
| Personal name | خشبة , سامى. |
| 245 ## - TITLE STATEMENT | |
| Title | نقد الثقافة / |
| Statement of responsibility, etc | سامى خشبة. |
| 260 ## - PUBLICATION, DISTRIBUTION, ETC. (IMPRINT) | |
| Place of publication, distribution, etc | القاهرة : |
| Name of publisher, distributor, etc | الهيئة المصرية العامة للكتاب , |
| Date of publication, distribution, etc | 2004. |
| 300 ## - PHYSICAL DESCRIPTION | |
| Extent | 279 ص؛ |
| Dimensions | 19 سم. |
| 490 ## - Series Statement | |
| Series statement | مكتبة الأسرة . سلسلة الأعمال العلمية. |
| 650 ## - SUBJECT ADDED ENTRY--TOPICAL TERM | |
| 9 (RLIN) | 8578 |
| Topical term or geographic name as entry element | الدول العربية - أحوال سياسية |
| 650 ## - SUBJECT ADDED ENTRY--TOPICAL TERM | |
| 9 (RLIN) | 8579 |
| Topical term or geographic name as entry element | الدول العربية - أحوال ثقافية |
| 942 ## - ADDED ENTRY ELEMENTS (KOHA) | |
| Source of classification or shelving scheme | Dewey Decimal Classification |
| Item type | Book - Borrowing |
| Withdrawn status | Item status | Source of classification or shelving scheme | Damaged status | Not for loan | Vendor | Home library | Current library | Shelving location | Date acquired | Source of acquisition | Total Checkouts | Full call number | Barcode | Date last seen | Date last borrowed | Koha item type |
|---|---|---|---|---|---|---|---|---|---|---|---|---|---|---|---|---|
| Dewey Decimal Classification | Central Library | Central Library | First floor | 23/08/2009 | 1 | 306.420917 خشب | 000018044 | 15/07/2025 | 11/03/2018 | Book - Borrowing |